Instrucción para la recta aplicación de la constitución sobre la sagrada liturgia / (Record no. 114898)

MARC details
000 -LEADER
campo de control de longitud fija 01010nam a2200289 i 4500
001 - NÚMERO DE CONTROL
campo de control 114898
003 - IDENTIFICADOR DE NÚMERO DE CONTROL
campo de control ES-MaACL
005 - FECHA Y HORA DE LA ÚLTIMA TRANSACCIÓN
campo de control 20230906190259.0
007 - CAMPO FIJO DE DESCRIPCIÓN FÍSICA--INFORMACIÓN GENERAL
campo de control de longitud fija t|
008 - DATOS DE LONGITUD FIJA--INFORMACIÓN GENERAL
campo de control de longitud fija 070208s1964 sp ||||1| spa d
080 ## - NÚMERO DE LA CLASIFICACIÓN DECIMAL UNIVERSAL
Número de la Clasificación Decimal Universal 264.02:262.5 Vat.II
111 2# - ENTRADA PRINCIPAL--NOMBRE DE CONGRESO/REUNIÓN
Nombre de congreso/reunión o jurisdicción como elemento de entrada Concilio Vaticano (
Número del congreso/reunión o número de parte o sección 2º.
Fecha del congreso o de la firma del tratado 1962-1965)
9 (RLIN) 122
245 10 - MENCIÓN DEL TÍTULO
Título Instrucción para la recta aplicación de la constitución sobre la sagrada liturgia /
Mención de responsabilidad, etc. introducción Aurelio Mª. Argemí ; traducción e índice: Juanita Auñón.
250 ## - MENCION DE EDICION
Mención de edición 1ª ed.
260 ## - PUBLICACIÓN, DISTRIBUCIÓN, ETC.
Lugar de publicación, distribución, etc. Barcelona :
Nombre del editor, distribuidor, etc. Estela,
Fecha de publicación, distribución, etc. 1964.
300 ## - DESCRIPCIÓN FÍSICA
Extensión 87 p. ;
Dimensiones 20 cm.
490 1# - MENCIÓN DE SERIE
Mención de serie Documentos del Concilio Vaticano II ;
Designación de volumen o secuencia 3
490 1# - MENCIÓN DE SERIE
Mención de serie Colección "Mens Petri"
500 ## - NOTA GENERAL
Nota general Texto en español y latín.
650 14 - PUNTO DE ACCESO ADICIONAL DE MATERIA--TÉRMINO DE MATERIA
Término de materia o nombre geográfico como elemento de entrada Liturgia.
9 (RLIN) 14683
700 1# - ENTRADA AGREGADA--NOMBRE PERSONAL
Nombre de persona Argemí, Aureli María.
9 (RLIN) 22685
700 1# - ENTRADA AGREGADA--NOMBRE PERSONAL
Nombre de persona Auñón, Juana.
9 (RLIN) 23922
830 0# - PUNTO DE ACCESO ADICIONAL DE SERIE-TÍTULO UNIFORME
Título uniforme Documentos del Concilio Vaticano II ;
Designación de volumen o secuencia 3
9 (RLIN) 185802
830 0# - PUNTO DE ACCESO ADICIONAL DE SERIE-TÍTULO UNIFORME
Título uniforme Colección "Mens Petri"
9 (RLIN) 185803
852 ## - LOCALIZACIÓN
Ubicación ES-MaACL
Número de control de estantería C-56625
Holdings
Estatus retirado Estado de pérdida Estado de daño No para préstamo Biblioteca de origen Biblioteca actual Ubicación en estantería Fecha de adquisición Fuente de adquisición Total de préstamos Signatura topográfica completa Código de barras Visto por última vez Precio de reemplazo Tipo de ítem Koha
        Biblioteca del Ateneo de Madrid Biblioteca del Ateneo de Madrid Depósito 2 17/01/2008     C-56625 1119817 23/02/2023 23/02/2023 Libro impreso